| 000 | 01323nam2a22002411 4500 | ||
|---|---|---|---|
| 001 | RU\NLR\INFOCOMM9\5000118051 | ||
| 005 | 20250616235652.0 | ||
| 035 | _a(NLR Aleph) 002295537 | ||
| 090 |
_a4175530 _c4175530 |
||
| 100 | _a20051012d2003 |||y0rusy50 ca | ||
| 101 | 0 | _arus | |
| 102 | _aRU | ||
| 105 | _ay ||||000|y | ||
| 200 | 0 | _a2003, Вып.2 | |
| 210 |
_d2003 _aБ. м. |
||
| 461 | 0 |
_1001RU\NLR\INFOCOMM9\5000118050 _12001#$aРостовский областной институт повышения квалификации и переподготовки работников образования$eМодернизация образования$eПрил. к журн. "Практические советы учителю"$v2003, Вып.2 _94206564 _cРостов н/Д. _d2003- _nИзд-во Рост. обл. ИПК и ПРО _oМодернизация образования : Прил. к журн. "Практические советы учителю" _tРостовский областной институт повышения квалификации и переподготовки работников образования _v2003, Вып.2 |
|
| 801 | 1 |
_aRU _bInfoComm _c20051012 |
|
| 801 | 0 |
_aRU _bNLR _gPSBO |
|
| 852 |
_aNLR _jП28/2055 |
||
| 942 | _cISSUE | ||
| 980 | _aNB | ||
| 980 | _aRUSPER | ||